000 00482nam a2200193 4500
003 SEACOMMC
005 20250804120828.0
008 250804b |||||||| |||| 00| 0 eng d
020 _a100070499667
040 _aSEACOMMC
082 _a657
_bM953 m
100 _aMUKHERJEE ,Amitabha;HANIF, Mohammed.
245 _aModern accountancy
250 _a2nd ed.
260 _aNew Delhi
_bTata McGraw-hill
_c2010
300 _axvi,37-74,vi
650 _aaccountancy. ;
942 _cBOOK
999 _c1229
_d1229